000 00621nam a2200205 a 4500
001 660
003 CO-ViMGA
008 141112s2004 ck r 000 u spa d
020 _a9580412359
040 _aCO-ViMGA
_bspa
_cCO-ViMGA
082 0 4 _aCo863.44 G172co
100 1 _aGarcia Márquez, Gabriel
245 1 0 _aEl coronel no tiene quien le escriba /
_cGarcia Márquez Gabriel
260 _aSantafé de Bogotá :
_bNorma,
_c1997
300 _a88, 126 p.
490 _aCara y cruz
500 _aContenido : A propósito de Gabriel Garcia Márquez y su obra.
650 1 4 _aNOVELA COLOMBIANA
_91193
942 _2ddc
_cBK
999 _c12899
_d12899